ბათუმის შოთა რუსთაველის სახელმწიფო უნივერსიტეტის ბიბლიოთეკა

Ikigai: (ბიბ.ჩანაწერი № 62440)

000 -LEADER
fixed length control field 00735nam a22001817a 4500
005 - DATE AND TIME OF LATEST TRANSACTION
control field 20241031173257.0
008 - FIXED-LENGTH DATA ELEMENTS--GENERAL INFORMATION
fixed length control field 241031s2017 enk||||| |||| 00| 0 eng d
020 ## - INTERNATIONAL STANDARD BOOK NUMBER
International Standard Book Number 9781786330895x
041 ## - LANGUAGE CODE
Language code of text/sound track or separate title eng
080 ## - UNIVERSAL DECIMAL CLASSIFICATION NUMBER
Universal Decimal Classification number 612.681:613.98:615.851.86 G-18
100 ## - MAIN ENTRY--PERSONAL NAME
Personal name García, Héctor
9 (RLIN) 23586
245 ## - TITLE STATEMENT
Title Ikigai:
Remainder of title The Japanese Secret to a Long and Happy Life /
Statement of responsibility, etc. Héctor García, Francesc Miralles.
264 ## - PRODUCTION, PUBLICATION, DISTRIBUTION, MANUFACTURE, AND COPYRIGHT NOTICE
Place of production, publication, distribution, manufacture London :
Name of producer, publisher, distributor, manufacturer Hutchingson,
Date of production, publication, distribution, manufacture, or copyright notice 2017.
300 ## - PHYSICAL DESCRIPTION
Extent 196 p.;
Other physical details 18 cm.
653 ## - INDEX TERM--UNCONTROLLED
keyword იაპონური საიდუმლო ხანგრძლივი და ბედნიერი ცხოვრებისთვის
700 ## - ADDED ENTRY--PERSONAL NAME
Personal name Miralles, , Francesc
Relator term ავტორი
9 (RLIN) 23587
942 ## - ADDED ENTRY ELEMENTS (KOHA)
Source of classification or shelving scheme
Koha item type წიგნი
ეგზემპლარები
Withdrawn status Lost status Source of classification or shelving scheme Damaged status Not for loan Permanent Location Current Location Shelving location Date acquired Cost, normal purchase price Full call number Barcode Date last seen Copy number Price effective from Koha item type Public note
          ბათუმის შოთა რუსთაველის სახელმწიფო უნივერსიტეტის მთავარი ბიბლიოთეკა ბათუმის შოთა რუსთაველის სახელმწიფო უნივერსიტეტის მთავარი ბიბლიოთეკა წიგნსაცავი 2024-10-31 15.00 612.681:613.98:615.851.86 G-18 69563 2024-10-31 69563 2024-10-31 წიგნი 15 ლ.